[Event "FICGS no engines 126 email"]
[Site "FICGS email"]
[Date "2023.02.19"]
[Round "1"]
[White "Szabo, Sandor"]
[Black "Bennion, William"]
[Result "1-0"]
[WhiteElo "1959"]
[BlackElo "1972"]
[PlyCount "43"]
[EventDate "2023.??.??"]
[EventType "swiss (corr)"]
[EventRounds "1"]
[SourceTitle "Corr 2024"]
[Source "ChessBase"]
[SourceDate "2023.10.19"]
[SourceVersion "1"]
[SourceVersionDate "2023.10.19"]
[SourceQuality "1"]

1. d4 d5 2. c4 e6 3. Nc3 Be7 4. Nf3 Nf6 5. Bf4 0-0 6. e3 Nbd7 7. c5 c6 8. Bd3 b6 9. b4 a5 10. a3 Ba6 11. 0-0 Qc8 12. h3 Qb7 13. Qc2 Bd8 14. Bxa6 Qxa6 15. b5 Qb7 16. Bd6 Re8 17. Rab1 Bc7 18. Qa4 Nb8 19. bxc6 Nxc6 20. Bxc7 Qxc7 21. Nb5 Qb7 22. Nd6 1-0

[Event "HUN-chT2 Asztalos 1112"]
[Site "Hungary"]
[Date "2011.11.27"]
[Round "4.11"]
[White "Pakolicz, Gyula"]
[Black "Szabo, Sandor"]
[Result "1-0"]
[WhiteElo "1643"]
[BlackElo "2060"]
[PlyCount "81"]
[EventDate "2011.09.25"]
[EventType "team-tourn"]
[EventRounds "11"]
[EventCountry "HUN"]
[SourceTitle "EXT 2013"]
[Source "ChessBase"]
[SourceDate "2012.11.22"]
[SourceVersion "1"]
[SourceVersionDate "2012.11.22"]
[SourceQuality "1"]
[WhiteTeam "Baja"]
[BlackTeam "Szentlorinc"]
[WhiteTeamCountry "HUN"]
[BlackTeamCountry "HUN"]

1. d4 d5 2. c4 e6 3. Nf3 dxc4 4. Qa4+ Bd7 5. Qxc4 a6 6. Nc3 Nc6 7. e3 Nf6 8. Qb3 b5 9. Be2 Be7 10. 0-0 0-0 11. a3 Na5 12. Qd1 Nd5 13. Bd2 Nb7 14. Ne5 Nxc3 15. Bxc3 f6 16. Nxd7 Qxd7 17. Bf3 c6 18. Rc1 Rac8 19. Rc2 Rfd8 20. Qe2 a5 21. Rfc1 Rc7 22. Qe1 Ra8 23. Bd2 Ra6 24. Be2 a4 25. Bxb5 Ra7 26. Bxc6 Qc8 27. Be4 Nd6 28. Bd3 Rxc2 29. Rxc2 Rc7 30. Qc1 Rxc2 31. Qxc2 Qb7 32. Bb4 Qd7 33. Bxh7+ Kf7 34. Bd3 f5 35. g3 g6 36. Bxd6 Bxd6 37. Qc4 Qb7 38. Qb5 Qa8 39. Qd7+ Be7 40. Bc4 Qe4 41. Ba2 1-0

[Event "HUN-chT2 Asztalos 0910"]
[Site "Hungary"]
[Date "2010.05.02"]
[Round "11"]
[White "Horvath, Janos"]
[Black "Szabo, Sandor"]
[Result "1-0"]
[WhiteElo "2101"]
[BlackElo "2060"]
[PlyCount "84"]
[EventDate "2009.11.08"]
[EventType "team-tourn"]
[EventRounds "11"]
[EventCountry "HUN"]
[SourceTitle "EXT 2011"]
[Source "ChessBase"]
[SourceDate "2010.11.26"]
[SourceVersion "1"]
[SourceVersionDate "2010.11.26"]
[SourceQuality "1"]
[WhiteTeam "Szenna Pack"]
[BlackTeam "Siklos"]
[WhiteTeamCountry "HUN"]
[BlackTeamCountry "HUN"]

1. e4 e5 2. Nf3 d6 3. d4 exd4 4. Nxd4 c5 5. Nf3 g6 6. Bc4 Bg7 7. 0-0 Nc6 8. Nc3 Ne5 9. Bb5+ Bd7 10. Qxd6 Nxf3+ 11. gxf3 Bxb5 12. Qxd8+ Rxd8 13. Nxb5 a6 14. Nc7+ Kf8 15. Be3 Be5 16. Bxc5+ Kg7 17. Nd5 Rc8 18. Ba3 Rxc2 19. Rac1 Rxc1 20. Rxc1 Nf6 21. Ne3 Rd8 22. Rc2 h5 23. b3 g5 24. h3 Rd7 25. Kg2 h4 26. Bc1 Kg6 27. Ng4 Nxg4 28. fxg4 f6 29. Be3 Kf7 30. Rd2 Rxd2 31. Bxd2 Ke6 32. Be3 Bc3 33. f4 gxf4 34. Bxf4 Be5 35. Kf3 b6 36. Bxe5 Kxe5 37. Ke3 b5 38. b4 Kd6 39. Kf4 Ke6 40. a3 Ke7 41. e5 Ke6 42. exf6 Kxf6 1-0

[Event "HUN-chT2 Asztalos 0910"]
[Site "Hungary"]
[Date "2009.12.06"]
[Round "3"]
[White "Szabo, Sandor"]
[Black "Balazs, Andras1111"]
[Result "0-1"]
[WhiteElo "2060"]
[BlackElo "2016"]
[PlyCount "86"]
[EventDate "2009.11.08"]
[EventType "team-tourn"]
[EventRounds "11"]
[EventCountry "HUN"]
[SourceTitle "EXT 2011"]
[Source "ChessBase"]
[SourceDate "2010.11.26"]
[SourceVersion "1"]
[SourceVersionDate "2010.11.26"]
[SourceQuality "1"]
[WhiteTeam "Siklos"]
[BlackTeam "Mohacs"]
[WhiteTeamCountry "HUN"]
[BlackTeamCountry "HUN"]

1. d4 Nf6 2. c4 e6 3. Bg5 Bb4+ 4. Nc3 h6 5. Bxf6 Bxc3+ 6. bxc3 Qxf6 7. e3 b6 8. Qf3 Qxf3 9. Nxf3 Ba6 10. Be2 0-0 11. 0-0 d5 12. Ne5 f6 13. Ng6 Rf7 14. Rfe1 Bxc4 15. Bxc4 dxc4 16. Rab1 Nc6 17. Nf4 Re8 18. d5 exd5 19. Nxd5 Na5 20. Red1 Kf8 21. h3 Rd7 22. Rd4 c5 23. Nxf6 Rxd4 24. Nxe8 Rd7 25. Nxg7 Kxg7 26. Rb2 Rd1+ 27. Kh2 Rd3 28. Rc2 Nb7 29. Kg3 Nd6 30. Kf4 Kf6 31. e4 Nb5 32. e5+ Ke6 33. Ke4 Nxc3+ 34. Kf4 Nd5+ 35. Ke4 Rd4+ 36. Kf3 Rf4+ 37. Kg3 Kxe5 38. Re2+ Re4 39. Rc2 c3 40. f3 Re3 41. Kf2 Kd4 42. a3 Kd3 43. Ra2 c2 0-1

[Event "IECC CL4-2009.03 email"]
[Site "IECC email"]
[Date "2009.04.12"]
[Round "?"]
[White "Szabo, Sandor"]
[Black "Rodrigues, Paulo Odonel"]
[Result "1-0"]
[WhiteElo "1768"]
[BlackElo "1818"]
[PlyCount "187"]
[EventDate "2009.??.??"]
[EventType "tourn (corr)"]
[EventRounds "4"]
[SourceTitle "Telechess CBM 149"]
[Source "ChessBase"]
[SourceDate "2012.07.17"]
[SourceVersion "1"]
[SourceVersionDate "2012.07.17"]
[SourceQuality "1"]
[WhiteTeam "Hungary"]
[BlackTeam "Brazil"]
[WhiteTeamCountry "HUN"]
[BlackTeamCountry "BRA"]

1. d4 Nf6 2. c4 e6 3. Nc3 Bb4 4. e3 d5 5. Nf3 0-0 6. Bd3 dxc4 7. Bxc4 c5 8. 0-0 Nc6 9. a3 Ba5 10. Qd3 cxd4 11. exd4 a6 12. Ne4 Nxe4 13. Qxe4 f5 14. Qd3 h6 15. b4 Bb6 16. Bb2 Ne7 17. Rfe1 Nd5 18. Ne5 Bd7 19. Qf3 Bb5 20. Bb3 Rf6 21. Rac1 Be8 22. h4 Kh8 23. h5 a5 24. b5 a4 25. Bc4 Rc8 26. Re2 Rf8 27. Ng6+ Bxg6 28. hxg6 Qg5 29. Rxe6 Bxd4 30. Rce1 Bxb2 31. Bxd5 Rc1 32. Bxb7 Rxe1+ 33. Rxe1 Qxg6 34. Bc6 Bd4 35. g3 Qf6 36. Kg2 Rd8 37. Re2 Bc5 38. Qf4 Bxa3 39. Qxa4 Bc5 40. Qc2 Bb6 41. Bf3 Rf8 42. Qa2 Qd4 43. Rd2 Qf6 44. Rd5 Kh7 45. Qe2 Qc3 46. Rd7 Qf6 47. Bd5 Kh8 48. f4 Kh7 49. Be6 Qa1 50. Rd1 Qa8+ 51. Rd5 Re8 52. Qe5 g6 53. Qf6 Bd4 54. Qxd4 Rxe6 55. Kg1 Re1+ 56. Kf2 Re7 57. Rd7 Qa2+ 58. Kg1 Qb1+ 59. Kh2 Qa2+ 60. Kh3 Qe2 61. Rxe7+ Qxe7 62. b6 Qe2 63. b7 Qf1+ 64. Kh2 Qe2+ 65. Kg1 Qe1+ 66. Kg2 Qe2+ 67. Qf2 Qb5 68. Qf3 Kg8 69. g4 fxg4 70. Qe4 Kf8 71. Kf2 Qb6+ 72. Ke1 g3 73. Qe5 Qb1+ 74. Ke2 Qc2+ 75. Kf3 Qb3+ 76. Kg4 Qd1+ 77. Kh4 Qh1+ 78. Kxg3 Qg1+ 79. Kf3 Qd1+ 80. Ke4 Qb1+ 81. Kd4 Qb4+ 82. Ke3 Qb3+ 83. Kd2 Qb4+ 84. Kd3 Qb3+ 85. Qc3 Qd5+ 86. Ke3 Qe6+ 87. Kf2 Qb6+ 88. Ke2 Kf7 89. Qc4+ Kg7 90. Qd5 Qb2+ 91. Kd3 Qb1+ 92. Kc4 Qc1+ 93. Kb5 Qb1+ 94. Kc6 1-0

[Event "FICGS W-ch st1 g04 email"]
[Site "FICGS email"]
[Date "2009.02.03"]
[Round "1"]
[White "Hladky, Ostap"]
[Black "Szabo, Sandor"]
[Result "1-0"]
[WhiteElo "2028"]
[BlackElo "1770"]
[PlyCount "185"]
[EventDate "2009.??.??"]
[EventType "tourn (corr)"]
[EventRounds "8"]
[SourceTitle "Corr 2022"]
[Source "ChessBase"]
[SourceDate "2021.10.24"]
[SourceVersion "1"]
[SourceVersionDate "2021.10.24"]
[SourceQuality "1"]

1. Nf3 Nf6 2. d4 d5 3. c4 e6 4. Nc3 c6 5. Bg5 dxc4 6. e4 b5 7. e5 h6 8. Bh4 g5 9. Nxg5 hxg5 10. Bxg5 Nbd7 11. exf6 Bb7 12. g3 c5 13. d5 Qb6 14. Bg2 0-0-0 15. 0-0 b4 16. Na4 Qb5 17. a3 Nb8 18. axb4 cxb4 19. Be3 Bxd5 20. Bxd5 Rxd5 21. Qe2 Nc6 22. Rfc1 Ne5 23. f4 Nd3 24. Rxc4+ Qxc4 25. Rc1 Qxc1+ 26. Bxc1 Nxc1 27. Qc2+ Kb8 28. Qxc1 Bd6 29. Kg2 Rc8 30. Qh1 Rd3 31. Qf1 Rc2+ 32. Kh3 Rd5 33. b3 Rh5+ 34. Kg4 Rcxh2 35. Nb2 Rd5 36. Nc4 Rh8 37. Ne3 Rc5 38. Qd3 Rd8 39. Qh7 Rd7 40. Nc2 a5 41. Nd4 Kc7 42. Qd3 Kb7 43. Qe4+ Kb6 44. Nf3 Rd8 45. Kh3 Rc3 46. Ng5 Rc7 47. Qd4+ Ka6 48. Qd3+ Kb6 49. f5 Rc3 50. Qd4+ Ka6 51. Nxf7 Bxg3 52. Qxd8 Bc7+ 53. Kg2 Bxd8 54. Nxd8 Rc2+ 55. Kf3 Rc3+ 56. Ke2 Rc2+ 57. Kd3 Rc3+ 58. Kd2 Rc8 59. fxe6 Rxd8+ 60. Ke3 Re8 61. e7 a4 62. Kd3 axb3 63. f7 Rxe7 64. f8Q Rb7 65. Qc5 b2 66. Kc2 b1Q+ 67. Kxb1 b3 68. Kb2 Rb6 69. Qe7 Rb5 70. Qe8 Kb6 71. Qd7 Ka6 72. Qc6+ Ka5 73. Qd6 Rb6 74. Qa3+ Kb5 75. Kxb3 Re6 76. Qc1 Rc6 77. Qe1 Rc5 78. Qe8+ Rc6 79. Qe2+ Kb6 80. Kb4 Rd6 81. Qe4 Rc6 82. Qe7 Rc7 83. Qe8 Ka7 84. Kb5 Kb7 85. Qe4+ Ka7 86. Qf3 Rb7+ 87. Kc6 Rb6+ 88. Kc7 Ka6 89. Qa8+ Kb5 90. Qd5+ Ka6 91. Qc4+ Ka5 92. Qc5+ Ka4 93. Qxb6 1-0

[Event "LSS SD-2008-0-00016"]
[Site "LSS email"]
[Date "2008.09.27"]
[Round "?"]
[White "Szabo, Sandor"]
[Black "D'Emilia, Jack"]
[Result "1-0"]
[WhiteElo "1611"]
[BlackElo "1434"]
[PlyCount "49"]
[EventDate "2008.09.10"]
[EventType "tourn (corr)"]
[EventRounds "6"]
[EventCountry "GER"]
[SourceTitle "Corr 2011"]
[Source "ChessBase"]
[SourceDate "2010.08.31"]
[SourceVersion "1"]
[SourceVersionDate "2010.08.31"]
[SourceQuality "1"]

1. d4 Nf6 2. c4 e6 3. Nc3 Be7 4. e4 d6 5. Be2 0-0 6. Nf3 h6 7. 0-0 a6 8. Qc2 Nbd7 9. e5 dxe5 10. dxe5 Nh7 11. Rd1 Bc5 12. Na4 Ba7 13. h4 c5 14. Bf4 b5 15. cxb5 axb5 16. Bxb5 Qe7 17. Bd3 f5 18. exf6 Nhxf6 19. Bd6 Qe8 20. Bb5 Rf7 21. Nc3 Bb6 22. Ne5 Rf8 23. Bxf8 Kxf8 24. Ne4 Qg6 25. Nxg6+ 1-0

[Event "LSS SD-2008-0-00016"]
[Site "LSS email"]
[Date "2008.09.27"]
[Round "?"]
[White "Szabo, Sandor"]
[Black "Martins, Karin"]
[Result "1-0"]
[WhiteElo "1639"]
[BlackElo "1543"]
[PlyCount "83"]
[EventDate "2008.09.10"]
[EventType "tourn (corr)"]
[EventRounds "6"]
[EventCountry "GER"]
[SourceTitle "Corr 2011"]
[Source "ChessBase"]
[SourceDate "2010.08.31"]
[SourceVersion "1"]
[SourceVersionDate "2010.08.31"]
[SourceQuality "1"]

1. d4 Nf6 2. c4 e6 3. Nc3 Bb4 4. Qc2 0-0 5. a3 Bxc3+ 6. Qxc3 b6 7. Bg5 Ba6 8. Qf3 Nc6 9. e3 Re8 10. b4 Bb7 11. Qg3 Ne4 12. Bxd8 Nxg3 13. hxg3 Raxd8 14. Nf3 h6 15. Kd2 e5 16. Kc3 d6 17. Rd1 exd4+ 18. exd4 Nb8 19. d5 c6 20. dxc6 Nxc6 21. Rh5 Nb8 22. Kb2 a6 23. a4 Nc6 24. b5 Nb4 25. a5 bxa5 26. b6 Kf8 27. Rxa5 Nc6 28. Raa1 Ne5 29. Rd2 Nxf3 30. gxf3 f5 31. Kc3 g6 32. g4 Re5 33. Bd3 Rde8 34. Bc2 R8e6 35. Rad1 fxg4 36. f4 Rc5 37. Rxd6 Rc6 38. Rxe6 Rxe6 39. c5 Bg2 40. Ba4 Rf6 41. Rd8+ Kg7 42. Rd7+ 1-0

[Event "LSS OP-2008-0-00632"]
[Site "LSS email"]
[Date "2008.09.18"]
[Round "?"]
[White "Ponting, Andrew"]
[Black "Szabo, Sandor"]
[Result "0-1"]
[WhiteElo "1822"]
[BlackElo "1556"]
[PlyCount "68"]
[EventDate "2008.09.17"]
[EventType "tourn (corr)"]
[EventRounds "4"]
[EventCountry "GER"]
[SourceTitle "Corr 2013"]
[Source "ChessBase"]
[SourceDate "2012.11.12"]
[SourceVersion "1"]
[SourceVersionDate "2012.11.12"]
[SourceQuality "1"]

1. e4 e5 2. Nf3 Nc6 3. Bc4 Bc5 4. b4 Bxb4 5. c3 Ba5 6. d4 exd4 7. 0-0 Nf6 8. e5 d5 9. exf6 dxc4 10. fxg7 Rg8 11. cxd4 Be6 12. Bd2 Qd5 13. Bxa5 Qxa5 14. Nbd2 0-0-0 15. Rc1 Qxa2 16. Ng5 Nxd4 17. Ra1 Qc2 18. Rxa7 Qxd1 19. Ra8+ Kd7 20. Rxd8+ Rxd8 21. Rxd1 c3 22. Nf1 c5 23. Ne4 c2 24. Nxc5+ Ke7 25. Rxd4 Rxd4 26. g8Q c1Q 27. Nxe6 Rd1 28. Qg5+ Kxe6 29. Qg4+ f5 30. Qg8+ Kd6 31. Qd8+ Kc6 32. Qf6+ Kc7 33. Qe7+ Kb6 34. Qe2 Ka5 0-1

[Event "LSS OP-2008-0-00632"]
[Site "LSS email"]
[Date "2008.09.18"]
[Round "?"]
[White "Reede, Arvo"]
[Black "Szabo, Sandor"]
[Result "0-1"]
[WhiteElo "1414"]
[BlackElo "1844"]
[PlyCount "46"]
[EventDate "2008.09.17"]
[EventType "tourn (corr)"]
[EventRounds "4"]
[EventCountry "GER"]
[SourceTitle "Corr 2013"]
[Source "ChessBase"]
[SourceDate "2012.11.12"]
[SourceVersion "1"]
[SourceVersionDate "2012.11.12"]
[SourceQuality "1"]

1. e4 e5 2. Nf3 Nf6 3. d4 Nxe4 4. Bd3 d5 5. Nxe5 Nd7 6. Bxe4 dxe4 7. Qe2 Nxe5 8. dxe5 Qd4 9. Nc3 Qxe5 10. Qxe4 Qxe4+ 11. Nxe4 Bf5 12. f3 0-0-0 13. Be3 Bxe4 14. fxe4 Re8 15. Kf2 Rxe4 16. Rhd1 Bd6 17. Rd4 Re6 18. g3 Bc5 19. Rd3 Rxe3 20. Rxe3 Re8 21. Rae1 Kd7 22. Kf3 Rxe3+ 23. Kf4 Rxe1 0-1

[Event "FICGS class C 000093 email"]
[Site "FICGS email"]
[Date "2008.09.17"]
[Round "1"]
[White "Konuhov, Konstantin"]
[Black "Szabo, Sandor"]
[Result "0-1"]
[WhiteElo "1600"]
[BlackElo "1696"]
[PlyCount "42"]
[EventDate "2008.??.??"]
[EventType "tourn (corr)"]
[EventRounds "4"]
[SourceTitle "Corr 2022"]
[Source "ChessBase"]
[SourceDate "2021.10.24"]
[SourceVersion "1"]
[SourceVersionDate "2021.10.24"]
[SourceQuality "1"]

1. e4 e5 2. Nf3 Nc6 3. d4 exd4 4. Nxd4 Bc5 5. Be3 Qf6 6. c3 a6 7. b4 Ba7 8. Ne2 Bxe3 9. fxe3 Nxb4 10. Nd4 Qh4+ 11. Kd2 Nc6 12. Qf3 Ne5 13. Qf4 Qe7 14. Nf5 Qf6 15. h3 d5 16. Ng3 dxe4 17. Nxe4 Qe7 18. a4 Ng6 19. a5 Nxf4 20. exf4 Qxe4 21. g3 Bf5 0-1

[Event "IECC KO-5057"]
[Site "IECC email"]
[Date "2008.09.16"]
[Round "?"]
[White "Coyne, David W"]
[Black "Szabo, Sandor"]
[Result "1-0"]
[WhiteElo "1979"]
[BlackElo "1706"]
[PlyCount "103"]
[EventDate "2006.??.??"]
[EventType "match (corr)"]
[EventRounds "2"]
[SourceTitle "Corr 2011"]
[Source "ChessBase"]
[SourceDate "2010.08.31"]
[SourceVersion "1"]
[SourceVersionDate "2010.08.31"]
[SourceQuality "1"]
[WhiteTeam "England"]
[BlackTeam "Hungary"]
[WhiteTeamCountry "ENG"]
[BlackTeamCountry "HUN"]

1. c4 e5 2. Nc3 Nf6 3. Nf3 Nc6 4. g3 d5 5. cxd5 Nxd5 6. d3 Be6 7. Ng5 Bb4 8. Nxe6 fxe6 9. Bd2 0-0 10. Bg2 Qd7 11. 0-0 Rad8 12. a3 Ba5 13. Rc1 Nxc3 14. bxc3 Bb6 15. Be4 Qd6 16. Qb3 Rf7 17. Rcd1 Na5 18. Qa4 Rdf8 19. d4 h6 20. Bc1 Qd7 21. Qc2 exd4 22. cxd4 Qb5 23. Bb2 e5 24. a4 Qc4 25. Qxc4 Nxc4 26. Ba1 c6 27. Bb1 Ba5 28. Ba2 Nd2 29. Rxd2 Bxd2 30. dxe5 Rd8 31. f4 Be3+ 32. Kg2 Rd2 33. Bb3 Kf8 34. Kf3 Bc5 35. Bxf7 Kxf7 36. f5 Kf8 37. Rc1 Ra2 38. Rxc5 Rxa1 39. Rc4 Rd1 40. e3 Rd5 41. Ke4 a5 42. Rd4 Rxd4+ 43. exd4 b5 44. axb5 cxb5 45. d5 a4 46. Kd3 Ke8 47. Kc3 Kd8 48. Kb4 Kd7 49. g4 Kd8 50. d6 Kd7 51. h4 Kc6 52. g5 1-0

[Event "FICGS rapid C 000059 email"]
[Site "FICGS email"]
[Date "2008.09.16"]
[Round "1"]
[White "Gouldar, Frances"]
[Black "Szabo, Sandor"]
[Result "0-1"]
[WhiteElo "1661"]
[BlackElo "1696"]
[PlyCount "66"]
[EventDate "2008.??.??"]
[EventType "tourn (rapid)"]
[EventRounds "4"]
[SourceTitle "Corr 2022"]
[Source "ChessBase"]
[SourceDate "2021.10.24"]
[SourceVersion "1"]
[SourceVersionDate "2021.10.24"]
[SourceQuality "1"]

1. e4 e5 2. Nf3 Nf6 3. d4 exd4 4. e5 Ne4 5. Qxd4 d5 6. exd6 Nxd6 7. Bd3 Nc6 8. Qe3+ Qe7 9. 0-0 Qxe3 10. Bxe3 Bf5 11. Bxf5 Nxf5 12. Bf4 0-0-0 13. Ne5 Nxe5 14. Bxe5 Bc5 15. Nc3 Rhe8 16. Bf4 Nd4 17. Be3 Bb4 18. Bxd4 Rxd4 19. Nb5 Rd2 20. Nxa7+ Kb8 21. Nb5 Bc5 22. c3 Rxb2 23. Nd4 Re4 24. Nb3 Bb6 25. g3 Rc4 26. Kg2 Rxc3 27. Nc1 f5 28. a4 Bd4 29. a5 c5 30. a6 b5 31. a7+ Ka8 32. Kh3 b4 33. Ra4 Ra3 0-1

[Event "FICGS class D 000103 email"]
[Site "FICGS email"]
[Date "2008.09.14"]
[Round "1"]
[White "Bourliaskos, Vassilis"]
[Black "Szabo, Sandor"]
[Result "0-1"]
[WhiteElo "1700"]
[BlackElo "1696"]
[PlyCount "22"]
[EventDate "2008.??.??"]
[EventType "tourn (corr)"]
[EventRounds "6"]
[SourceTitle "Corr 2022"]
[Source "ChessBase"]
[SourceDate "2021.10.24"]
[SourceVersion "1"]
[SourceVersionDate "2021.10.24"]
[SourceQuality "1"]

1. c4 e5 2. Nc3 Nc6 3. d3 Nf6 4. g3 d5 5. cxd5 Nxd5 6. Bg2 Be6 7. Bd2 Qd7 8. Nf3 f6 9. 0-0 0-0-0 10. a3 g5 11. b4 h5 0-1

[Event "FICGS class D 000103 email"]
[Site "FICGS email"]
[Date "2008.09.14"]
[Round "1"]
[White "Martinez Camacho, Victor Hugo"]
[Black "Szabo, Sandor"]
[Result "0-1"]
[WhiteElo "1493"]
[BlackElo "1696"]
[PlyCount "44"]
[EventDate "2008.??.??"]
[EventType "tourn (corr)"]
[EventRounds "6"]
[SourceTitle "Corr 2022"]
[Source "ChessBase"]
[SourceDate "2021.10.24"]
[SourceVersion "1"]
[SourceVersionDate "2021.10.24"]
[SourceQuality "1"]

1. e4 e5 2. Nf3 Nf6 3. Nxe5 d6 4. Nf3 Nxe4 5. d4 d5 6. Bd3 Be7 7. 0-0 Nc6 8. c3 0-0 9. h3 Qd6 10. Nbd2 Qg6 11. Nxe4 dxe4 12. Ne5 Nxe5 13. Bxe4 Qxe4 14. Re1 Nf3+ 15. gxf3 Qg6+ 16. Kh2 Qf6 17. Rg1 Bd6+ 18. Rg3 Bxg3+ 19. fxg3 Re8 20. Bf4 g5 21. Be5 Qb6 22. Qd2 f6 0-1

[Event "IECG WC.2012.P.00003 email"]
[Site "IECG email"]
[Date "2008.02.15"]
[Round "1"]
[White "Szabo, Sandor"]
[Black "Richkov, Sergei"]
[Result "1-0"]
[WhiteElo "1482"]
[BlackElo "1864"]
[PlyCount "121"]
[EventDate "2008.02.15"]
[EventType "tourn (corr)"]
[EventRounds "6"]
[SourceTitle "Corr 2024"]
[Source "ChessBase"]
[SourceDate "2023.10.19"]
[SourceVersion "1"]
[SourceVersionDate "2023.10.19"]
[SourceQuality "1"]

1. d4 d5 2. c4 e6 3. Nc3 Be7 4. Nf3 Nf6 5. Bg5 h6 6. Bh4 0-0 7. e3 b6 8. cxd5 Nxd5 9. Bxe7 Qxe7 10. Nxd5 exd5 11. Rc1 Be6 12. Qa4 a5 13. Bd3 Qb4+ 14. Qxb4 axb4 15. Rxc7 Rxa2 16. Ke2 Rxb2+ 17. Nd2 Nd7 18. Ra1 b3 19. f3 Ra2 20. Rxa2 bxa2 21. Ra7 Rb8 22. Rxa2 b5 23. Nb3 b4 24. Bc2 Kf8 25. Rb2 Nb6 26. Nc5 Nc4 27. Ra2 Na3 28. Bb3 Rb5 29. Nd3 Nc4 30. Ra7 g5 31. Nc5 Nd6 32. Ra8+ Ke7 33. g4 Kf6 34. Ra6 Ke7 35. Ra4 Nc4 36. Ra7+ Kd8 37. e4 Kc8 38. Ra6 Nb6 39. Kd3 Kb8 40. h3 Bc8 41. Ra2 Be6 42. Kc2 Kc8 43. Ra7 Nc4 44. Ra6 Na3+ 45. Kb2 Nc4+ 46. Kc1 Kc7 47. Nxe6+ fxe6 48. Rxe6 Ra5 49. exd5 Ra1+ 50. Kc2 Na5 51. Rxh6 Ra3 52. d6+ Kc6 53. Bf7 Rc3+ 54. Kd1 Rd3+ 55. Ke2 Rxd4 56. Rg6 Rxd6 57. Rxg5 Kb6 58. Rg6 Kc7 59. Rxd6 Kxd6 60. h4 b3 61. g5 1-0

[Event "IECG WC.2012.P.00003 email"]
[Site "IECG email"]
[Date "2008.02.15"]
[Round "1"]
[White "Szabo, Sandor"]
[Black "Veiseh, David"]
[Result "1/2-1/2"]
[WhiteElo "1482"]
[BlackElo "1639"]
[PlyCount "102"]
[EventDate "2008.02.15"]
[EventType "tourn (corr)"]
[EventRounds "6"]
[SourceTitle "Corr 2024"]
[Source "ChessBase"]
[SourceDate "2023.10.19"]
[SourceVersion "1"]
[SourceVersionDate "2023.10.19"]
[SourceQuality "1"]

1. d4 Nf6 2. c4 e6 3. Nc3 Bb4 4. a3 Bxc3+ 5. bxc3 0-0 6. Nf3 b6 7. Bg5 Bb7 8. e3 d6 9. Bd3 e5 10. Bf5 h6 11. Bh4 Nc6 12. Bc2 Na5 13. Nd2 exd4 14. cxd4 d5 15. Bxf6 Qxf6 16. cxd5 Bxd5 17. 0-0 Rad8 18. Re1 Rfe8 19. e4 Bc4 20. Nf3 Qf4 21. g3 Qd6 22. Kg2 c5 23. d5 f5 24. Nd2 fxe4 25. Nxc4 Nxc4 26. Bxe4 Qf6 27. Qc2 Nd6 28. Rad1 b5 29. Bf3 Rxe1 30. Rxe1 c4 31. Qd2 c3 32. Qd3 Nc4 33. Rc1 Nxa3 34. Rxc3 Nc4 35. Rb3 a6 36. Be4 Qe7 37. Bf5 Qc5 38. Be6+ Kh8 39. g4 Rf8 40. Qe2 Qe7 41. Qd1 Qf6 42. Qe2 Qf4 43. h4 Ne5 44. h5 Nc4 45. Bf5 Nd6 46. Qe7 Re8 47. Qc7 Qe5 48. Be6 Rf8 49. Qc5 Qe4+ 50. Kg1 Qf4 51. Bf5 Qg5 1/2-1/2

[Event "FICGS W-ch st1 g03 email"]
[Site "FICGS email"]
[Date "2008.01.08"]
[Round "1"]
[White "Szabo, Sandor"]
[Black "Malpalma, Joaquim"]
[Result "1/2-1/2"]
[WhiteElo "1628"]
[BlackElo "1916"]
[PlyCount "174"]
[EventDate "2008.??.??"]
[EventType "tourn (corr)"]
[EventRounds "8"]
[SourceTitle "Corr 2022"]
[Source "ChessBase"]
[SourceDate "2021.10.24"]
[SourceVersion "1"]
[SourceVersionDate "2021.10.24"]
[SourceQuality "1"]

1. d4 d5 2. c4 dxc4 3. Nf3 Nf6 4. e3 e6 5. Bxc4 c5 6. 0-0 a6 7. Bb3 Nc6 8. Nc3 Be7 9. dxc5 Qxd1 10. Rxd1 Bxc5 11. Bd2 Ba7 12. Rac1 Bd7 13. Bc2 0-0 14. Ne4 Nxe4 15. Bxe4 Rfd8 16. Bc3 f6 17. h3 e5 18. Bd5+ Kh8 19. Nd2 Bg4 20. Nf3 Bh5 21. a3 Be8 22. b3 Rd6 23. Rd2 Rad8 24. Rcd1 Bb6 25. g4 Bc7 26. e4 b5 27. Rc1 Bb6 28. Kf1 a5 29. b4 a4 30. Nh4 Ne7 31. Nf5 Nxf5 32. gxf5 g5 33. Ke2 Kg7 34. f3 Bh5 35. Rcc2 Kf8 36. Ba2 Rc6 37. Rxd8+ Bxd8 38. Bd5 Rc8 39. Be6 Rc7 40. Rc1 Ke7 41. Ba2 h6 42. Bd5 Rc8 43. Be6 Rc6 44. Bd5 Rc7 45. Bg8 Bf7 46. Bxf7 Kxf7 47. h4 gxh4 48. Kd3 Kg8 49. Rh1 Rd7+ 50. Ke2 Rg7 51. Bd2 Rg2+ 52. Kd1 Rg3 53. Rxh4 Rxf3 54. Bc1 Rg3 55. Kc2 Bb6 56. Rxh6 Kg7 57. Rh4 Bf2 58. Rh2 Be3 59. Bxe3 Rxe3 60. Rg2+ Kf8 61. Rd2 Rxe4 62. Rd5 Re3 63. Rxb5 Rxa3 64. Rb6 Kg7 65. Ra6 e4 66. b5 Rb3 67. Rxa4 Rxb5 68. Rxe4 Rxf5 69. Kd2 Kh6 70. Ke3 Kg5 71. Rb4 Rf1 72. Rb8 Ra1 73. Kf3 Ra3+ 74. Kg2 Re3 75. Kg1 Re2 76. Rc8 f5 77. Kf1 Rd2 78. Rf8 Kg4 79. Ra8 f4 80. Ra3 Rh2 81. Rb3 Ra2 82. Rd3 Kf5 83. Rd5+ Ke4 84. Rb5 Rd2 85. Rb1 Kf3 86. Rb3+ Kg4 87. Ra3 Rd8 1/2-1/2